|
|
|
|
| LEADER |
00000nta a2200000 i 4500 |
| 001 |
dolg4702 |
| 005 |
20160623153620.0 |
| 008 |
151214suuuu hu om 000 hun d |
| 040 |
|
|
|a BGE Dolgozattár Repozitórium
|b hun
|
| 041 |
|
|
|a hu
|
| 100 |
1 |
|
|a Kőrösi Annamária Melinda
|
| 245 |
1 |
2 |
|a A duális képzési rendszerben rejlő potenciál
|c Kőrösi Annamária Melinda
|h [elektronikus dokumentum]
|
| 246 |
1 |
1 |
|a A duális képzési rendszerben rejlő potenciál
|
| 695 |
|
|
|a Duális oktatás
|
| 695 |
|
|
|a Képzés
|
| 700 |
1 |
|
|a Bodolay Dr László
|e ths
|
| 856 |
4 |
0 |
|u http://dolgozattar.uni-bge.hu/4702/1/Szakdolgozat_K%C5%91r%C3%B6si%20Annam%C3%A1ria%20Melinda%20-%20A%20du%C3%A1lis%20k%C3%A9pz%C3%A9si%20rendszerben%20rejl%C5%91%20potenci%C3%A1l.pdf
|z Dokumentum-elérés
|